Novísima geografía universal / (Record no. 114645)

MARC details
000 -LEADER
campo de control de longitud fija 00893nam a2200229 i 4500
001 - NÚMERO DE CONTROL
campo de control 114645
003 - IDENTIFICADOR DE NÚMERO DE CONTROL
campo de control ES-MaACL
005 - FECHA Y HORA DE LA ÚLTIMA TRANSACCIÓN
campo de control 20250815062535.0
007 - CAMPO FIJO DE DESCRIPCIÓN FÍSICA--INFORMACIÓN GENERAL
campo de control de longitud fija t|
008 - DATOS DE LONGITUD FIJA--INFORMACIÓN GENERAL
campo de control de longitud fija 070316s1907 sp ||||1| spa d
100 1# - ENTRADA PRINCIPAL--NOMBRE DE PERSONA
Nombre de persona Reclus, Onésime.
9 (RLIN) 95777
245 10 - MENCIÓN DEL TÍTULO
Título Novísima geografía universal /
Mención de responsabilidad, etc. Onésimo y Eliseo Reclus ; traducción y prólogo de Vicente Blasco Ibáñez.
260 ## - PUBLICACIÓN, DISTRIBUCIÓN, ETC.
Lugar de publicación, distribución, etc. Madrid :
Nombre del editor, distribuidor, etc. La Editorial Española-Americana,
Fecha de publicación, distribución, etc. [1907]
300 ## - DESCRIPCIÓN FÍSICA
Extensión 6 v. :
Otras características físicas il., mapas ;
Dimensiones 22 cm.
505 0# - NOTA DE CONTENIDO CON FORMATO
Nota de contenido con formato 1. Europa - 2. Asia - 3. África - 4. América del Norte - 5. América Central y del Sur - 6. América del Sur y Oceanía
596 ## - NOTA AL PIE DE IMPRENTA
NOTA AL PIE DE IMPRENTA La fecha de ed. aparece en los v. 5 y 6.
650 07 - PUNTO DE ACCESO ADICIONAL DE MATERIA--TÉRMINO DE MATERIA
Término de materia o nombre geográfico como elemento de entrada Geografía
Fuente del encabezamiento o término embne
9 (RLIN) 13070
700 1# - ENTRADA AGREGADA--NOMBRE PERSONAL
Nombre de persona Reclus, Élisée,
Fechas asociadas al nombre 1830-1905
9 (RLIN) 95775
700 1# - ENTRADA AGREGADA--NOMBRE PERSONAL
Nombre de persona Blasco Ibáñez, Vicente,
Fechas asociadas al nombre 1867-1928
9 (RLIN) 29388
852 ## - LOCALIZACIÓN
Ubicación ES-MaACL
Número de control de estantería B-957-62
Holdings
Estatus retirado Estado de pérdida Estado de daño No para préstamo Biblioteca de origen Biblioteca actual Ubicación en estantería Fecha de adquisición Fuente de adquisición Total de préstamos Signatura topográfica completa Código de barras Visto por última vez Precio de reemplazo Tipo de ítem Koha
        Biblioteca del Ateneo de Madrid Biblioteca del Ateneo de Madrid Sala Pardo Bazán 17/01/2008     B-957-62 1119556 23/02/2023 23/02/2023 Libro impreso